Online
Catalog
Normal view MARC view

Entry Nombre de reunión

Number of records used in: 8

001 - NÚMERO DE CONTROL

  • campo de control: 87834

003 - IDENTIFICADOR DEL NÚMERO DE CONTROL

  • campo de control: DO-SdBNP

005 - FECHA Y HORA DE LA ÚLTIMA TRANSACCIÓN

  • campo de control: 20250520103255.0

008 - DATOS DE LONGITUD FIJA

  • campo de control de longitud fija: 250520|| aca||aabn | a|a d

040 ## - FUENTE DE LA CATALOGACIÓN

  • Centro catalogador/agencia de origen: DO-SdBNP
  • Centro/agencia transcriptor: DO-SdBNP

111 ## - ENCABEZAMIENTO--NOMBRE DE CONGRESO/REUNIÓN

  • Nombre de congreso/reunión o jurisdicción como elemento de entrada: Concurso de Arte y Literatura Bancentral
  • Sede del congreso/Lugar de la reunión: Santo Domingo, República Dominicana)
  • Fecha del congreso/reunión: 27 : 2023

670 ## - FUENTE DE DATOS ENCONTRADOS

  • Cita de la fuente: Work cat.: (DO-SdBNP)58243: Concurso de Arte y Literatura Bancentral Santo Domingo, República Dominicana) 27 : 2023, Obras premiadas :

Powered by Koha